LEADER 01756nam0 22004333i 450 001 ANA0107821 005 20231121125404.0 100 $a20150708d1962 ||||0itac50 ba 101 | $aita$alat 102 $ait 181 1$6z01$ai $bxxxe 182 1$6z01$an 200 1 $aCarmina$aIambi$aSermones$aEpistulae$fOrazio$gscelta e commento di G. Morpurgo 205 $a3. ed 210 $aTorino$cG. B. Petrini$d1962 215 $aXV, 334 p., 8 c. di tav.$cill.$d21 cm. 606 $aOrazio Flacco, Quinto$xOpere$xAntologie$2FIR$3MILC205885$9E 676 $a871.01$9Poesia latina. Periodo romano, fino al 499 ca.$v22 700 1$aHoratius Flaccus$b, Quintus$3CFIV000246$4070$075513 702 1$aMorpurgo$b, Giuseppe$3RAVV044019 790 1$aFlacco$b, Orazio$3BVEV268108$zHoratius Flaccus, Quintus 790 0$aOrazio$3CFIV000247$zHoratius Flaccus, Quintus 790 1$aOrazio Flacco$b, Quinto$3CFIV010717$zHoratius Flaccus, Quintus 790 0$aHorace$3CFIV012150$zHoratius Flaccus, Quintus 790 1$aOrazio Flacco$b, Q.$3CFIV137964$zHoratius Flaccus, Quintus 790 1$aHoratius$b, Q.$3CFIV167021$zHoratius Flaccus, Quintus 790 0$aHoratius$3CFIV228341$zHoratius Flaccus, Quintus 790 1$aFlacco$b, Orazio Q.$3SBNV029084$zHoratius Flaccus, Quintus 801 3$aIT$bIT-01$c20150708 850 $aIT-FR0017 899 $aBiblioteca umanistica Giorgio Aprea$bFR0017 $eN 912 $aANA0107821 950 0$aBiblioteca umanistica Giorgio Aprea$d 52DFV A 187$e 52BUN0000111125 VMB RS $fA $h20150708$i20150708 977 $a 52 996 $aEpistulae$915871 996 $aSermones$923003 996 $aIambi$93602801 996 $aCarmina$990209 997 $aUNICAS